Canción de navidad
Saved in:
| Hovedforfatter: | |
|---|---|
| Format: | Bog |
| Sprog: | spansk |
| Udgivet: |
Ciudad de México
Porrua
1978
|
| Udgivelse: | 2a. ed |
| Serier: | Sepan cuántos, 310
|
| Fag: | |
| Tags: |
Tilføj Tag
Ingen Tags, Vær først til at tagge denne postø!
|
MARC
| LEADER | 00000nam a2200000 a 4500 | ||
|---|---|---|---|
| 001 | UCY2143 | ||
| 003 | CL-VaPUC | ||
| 008 | 941011e19780000MX |||||||||||||||||spa|d | ||
| 082 | 0 | 4 | |a 823 |b DIC |2 21 |
| 100 | 0 | |a Dickens, Charles |e author |9 319540 | |
| 245 | 1 | 0 | |a Canción de navidad |
| 246 | 1 | 3 | |a El grillo del hogar |
| 246 | 1 | 0 | |a Historia de dos ciudades |
| 250 | |a 2a. ed | ||
| 300 | |a 379 p | ||
| 942 | |c BK | ||
| 945 | |d 19941011 00:00:00 |a mfernand | ||
| 260 | |a Ciudad de México |b Porrua |c 1978 | ||
| 600 | 0 | 7 | |a DICKENS, CHARLES |2 CL-VaPUC |9 319540 |
| 650 | 0 | |a Novelas inglesas |9 265220 | |
| 650 | 0 | |a Literatura inglesa |9 312907 | |
| 650 | 0 | |a Biografías |9 255210 | |
| 583 | |a last modification |c 19941011 00:00:00 |k Rodrigo Vera | ||
| 490 | 0 | |a Sepan cuántos, 310 | |
| 999 | |c 230637 |d 230635 | ||
| 952 | |0 0 |1 0 |4 0 |6 823_000000000000000_DIC_1978 |7 0 |8 P |9 233051 |a BIBARQ |b BIBARQ |d 2019-11-15 |i 3025853 |o 823 DIC 1978 |p 3025853 |r 2025-01-20 |w 2019-11-15 |y BK |k ARQ | ||